Teoría monetaria y política físcal (Registro nro. 4510)

Detalles MARC
000 -LEADER
fixed length control field 01410 a2200217 4500
001 - CONTROL NUMBER
control field 47981
005 - DATE AND TIME OF LATEST TRANSACTION
control field 20260407155745.0
008 - FIXED-LENGTH DATA ELEMENTS--GENERAL INFORMATION
fixed length control field 260407a1954 arg spa d
003 - CONTROL NUMBER IDENTIFIER
control field AR-UNSa-BCEJYS
040 ## - CATALOGING SOURCE
Original cataloging agency AR-UNSa-BCEJYS
Language of cataloging spa
Transcribing agency AR-UNSa-BCEJYS
080 ## - UNIVERSAL DECIMAL CLASSIFICATION NUMBER
Universal Decimal Classification number 336.74
Common auxiliary subdivision Moneda. Sistema monetario
100 1# - MAIN ENTRY--PERSONAL NAME
Personal name Justic de Flores, Alena
245 10 - TITLE STATEMENT
Title Teoría monetaria y política físcal
264 #1 - PRODUCTION, PUBLICATION, DISTRIBUTION, MANUFACTURE, AND COPYRIGHT NOTICE
Place of production, publication, distribution, manufacture Buenos Aires :
Name of producer, publisher, distributor, manufacturer Fondo de Cultura Económica
Date of production, publication, distribution, manufacture, or copyright notice 1954
300 ## - PHYSICAL DESCRIPTION
Extent 273 p.
Dimensions 21 cm.
505 ## - FORMATTED CONTENTS NOTE
Formatted contents note 1. La relación entre la cantidad de dinero y el monto de los ingresos a través de la historia - 2. La "creación" de dinero - 3. L teoría cuantitativa y si versión marshallina - 4. La preferencia por la liquidez, la inversión y el consumo - 5. El ingreso y la tasa de interés - 6. La teoría del ingreso: Tooke, Wicksell, Aftalion, Keynes - 7. Las funciones de costo, la ocupación y los precios - 8. Salarios y precios - 9. La teoría Keynesiana del dinero y de los precios - 10. Ojeada histórica a los precios: factores tendientes a producir estabilidad - 11. La política monetaria y fiscal en la inflación postbélica - 12. Función del dinero en la política fiscal - 13. Una política fiscal compensatoria dirigida - 14. Expansión monetaria e ingreso nacional.
590 ## - LOCAL NOTE (RLIN)
Local note niveau_biblio:m niveau_hierar:0
700 1# - ADDED ENTRY--PERSONAL NAME
Personal name Hansen, Alvin H.
700 1# - ADDED ENTRY--PERSONAL NAME
Personal name Flores de la Peña, Horacio
942 ## - ADDED ENTRY ELEMENTS (KOHA)
Koha item type
Existencias
Withdrawn status Lost status Damaged status Not for loan Home library Current library Shelving location Date acquired Total checkouts Full call number Barcode Date last seen Price effective from Koha item type
        Biblioteca Prof. Eusebio Cleto del Rey Biblioteca Prof. Eusebio Cleto del Rey   07/04/2026   336.74 H249 L20267 07/04/2026 07/04/2026 Libro